000 01488cam a2200421 i 4500
001 768714001
003 CO-MdFUSB
005 20220316125530.0
007 ta
008 051202t2005 ilua 000 0 eng d
020 _a9781889638478
040 _aBTA
_cCO-MdFUSB
_dITC
_dOCLCF
_bspa
_erda
041 _aeng
082 _223
_a254.5
_bSCH411
090 _aBV652.25
100 1 _aSchwarz, Christian A.
_eautor
245 1 0 _aColor your world with natural church development :
_bexperiencing all that God has designed you to be
_c/ Christian A. Schwarz ; editado por Jon & Kathy Haley
246 _aNatural church development.
264 1 _aEstados Unidos :
_bChurchSmart Resources,
_c[2005]
264 4 _c© 2005
300 _a191 páginas :
_bilustraciones a color ;
_c24 cm.
336 _2rdacontent
_atexto
_btxt
337 _2rdamedia
_asin mediación
_bn
338 _2rdacarrier
_avolumen
_bnc
505 _aExplore el segundo capítulo de NCD. -- La brújula trinitaria. -- Los principios. -- El factor mínimo. -- Las herramientas. -- Tu punto de partida
563 _aRústico
650 0 _aChurch growth.
650 0 _aChurch development, New.
650 0 _aGifts, Spiritual.
653 _aCrecimiento de la iglesia.
653 _aDesarrollo de la Iglesia, Nueva
653 _aDones espirituales.
700 _95570
_aHaley, Kathy ‎
_eeditor
700 _95571
_aHaley, John
_eeditor
942 _cBK
945 _aJTF-925
999 _c66862
_d66862